[Event "SVK-chT1E 2122"]
[Site "Slovakia"]
[Date "2022.02.27"]
[Round "5.4"]
[White "Ondo, Radoslav"]
[Black "Straka, Jozef1111"]
[Result "0-1"]
[WhiteElo "2031"]
[BlackElo "2330"]
[PlyCount "76"]
[EventDate "2022.01.29"]
[EventType "team-tourn"]
[EventRounds "11"]
[EventCountry "SVK"]
[SourceTitle "EXT 2023"]
[Source "ChessBase"]
[SourceDate "2022.10.05"]
[SourceVersion "1"]
[SourceVersionDate "2022.10.05"]
[SourceQuality "1"]
[WhiteTeam "Michalovce Zemplin"]
[BlackTeam "Cadca"]
[WhiteTeamCountry "SVK"]
[BlackTeamCountry "SVK"]

1. e4 c6 2. d3 d5 3. e5 Bf5 4. f4 e6 5. Nf3 Nd7 6. g3 Be7 7. Bg2 h5 8. h3 f6 9. Qe2 fxe5 10. fxe5 Qc7 11. Nbd2 Nh6 12. Nb3 0-0-0 13. Bd2 Nf7 14. d4 g5 15. Nh2 Kb8 16. 0-0 Bg6 17. Rfc1 Nh6 18. c4 Nb6 19. c5 Nc4 20. Rxc4 dxc4 21. Qxc4 Qd7 22. Be3 g4 23. h4 Nf5 24. Bf2 Bxh4 25. Nf1 Bg5 26. Rd1 h4 27. Qe2 hxg3 28. Nxg3 Nxg3 29. Bxg3 Bh4 30. Bf4 Qh7 31. d5 exd5 32. Rd4 Rdf8 33. Qxg4 Be4 34. e6+ Ka8 35. Bxe4 dxe4 36. Rd7 Rhg8 37. Rxh7 Rxg4+ 38. Kh2 Rgxf4 0-1

[Event "SVK-chT1E 1516"]
[Site "Slovakia"]
[Date "2016.01.23"]
[Round "7.7"]
[White "Veselovsky, Jan"]
[Black "Ondo, Radoslav"]
[Result "1/2-1/2"]
[WhiteElo "2031"]
[BlackElo "2041"]
[PlyCount "61"]
[EventDate "2015.10.24"]
[EventType "team-tourn"]
[EventRounds "11"]
[EventCountry "SVK"]
[SourceTitle "CBM 170 Extra"]
[Source "ChessBase"]
[SourceDate "2016.02.25"]
[SourceVersion "1"]
[SourceVersionDate "2016.02.25"]
[SourceQuality "1"]
[WhiteTeam "Bardejov"]
[BlackTeam "Michalovce Zemplin"]
[WhiteTeamCountry "SVK"]
[BlackTeamCountry "SVK"]

1. e4 e5 2. Nf3 d6 3. d4 exd4 4. Nxd4 g6 5. Nc3 Bg7 6. Be3 Nc6 7. Qd2 Bd7 8. 0-0-0 a6 9. h4 h5 10. Kb1 Nxd4 11. Bxd4 Bxd4 12. Qxd4 Qf6 13. Qe3 Ne7 14. f4 Bc6 15. e5 dxe5 16. fxe5 Qe6 17. Qf4 0-0 18. Be2 Rad8 19. Rhg1 Nd5 20. Nxd5 Rxd5 21. Rxd5 Qxd5 22. Bd3 Bd7 23. b3 b5 24. Qg5 Re8 25. Re1 c5 26. Bxg6 fxg6 27. Qxg6+ Kh8 28. Qxh5+ Kg8 29. Qg6+ Kh8 30. Qh5+ Kg8 31. Qg6+ 1/2-1/2

[Event "SVK-chT2D 10/11"]
[Site "Slovakia"]
[Date "2011.03.06"]
[Round "9.2"]
[White "Ondo, Radoslav"]
[Black "Mrva, Martin"]
[Result "0-1"]
[WhiteElo "2102"]
[BlackElo "2471"]
[PlyCount "78"]
[EventDate "2010.10.23"]
[EventType "team-tourn"]
[EventRounds "11"]
[EventCountry "SVK"]
[SourceTitle "EXT 2019"]
[Source "ChessBase"]
[SourceDate "2018.10.10"]
[SourceVersion "1"]
[SourceVersionDate "2018.10.10"]
[SourceQuality "1"]
[WhiteTeam "Michalovce Zemplin II"]
[BlackTeam "Stara Lubovna"]
[WhiteTeamCountry "SVK"]
[BlackTeamCountry "SVK"]

1. e4 c5 2. c4 Nc6 3. g3 g6 4. Bg2 Bg7 5. Nc3 d6 6. d3 a6 7. Be3 Rb8 8. Rc1 Nf6 9. h3 Nd7 10. Nge2 b5 11. b3 b4 12. Na4 Nb6 13. Nxb6 Qxb6 14. 0-0 0-0 15. Qd2 Re8 16. f4 e6 17. g4 f5 18. Rcd1 Nd4 19. Nxd4 cxd4 20. Bf2 Rf8 21. Rde1 Bd7 22. Bg3 Rf7 23. exf5 gxf5 24. g5 Re8 25. Bf3 Rfe7 26. Bh4 e5 27. g6 Re6 28. Bd5 hxg6 29. Kh2 exf4 30. Bg5 Be5 31. Bxf4 Kg7 32. Bxe6 Rxe6 33. Qf2 Qd8 34. h4 Qe7 35. Kg1 Kg8 36. Re2 Qh7 37. Bg5 Bc6 38. c5 Qh5 39. Rfe1 Qg4+ 0-1

[Event "SVK-chT2D 10/11"]
[Site "Slovakia"]
[Date "2010.10.24"]
[Round "2.6"]
[White "Ondo, Radoslav"]
[Black "Pastir, Stanislav"]
[Result "1/2-1/2"]
[WhiteElo "2102"]
[BlackElo "2053"]
[PlyCount "24"]
[EventDate "2010.10.23"]
[EventType "team-tourn"]
[EventRounds "11"]
[EventCountry "SVK"]
[SourceTitle "EXT 2019"]
[Source "ChessBase"]
[SourceDate "2018.10.10"]
[SourceVersion "1"]
[SourceVersionDate "2018.10.10"]
[SourceQuality "1"]
[WhiteTeam "Michalovce Zemplin II"]
[BlackTeam "Presov Slavia PU"]
[WhiteTeamCountry "SVK"]
[BlackTeamCountry "SVK"]

1. e4 c5 2. c4 Nc6 3. g3 g6 4. Bg2 Bg7 5. Nc3 d6 6. d3 e5 7. Nge2 Nge7 8. 0-0 0-0 9. Be3 f5 10. Qd2 a6 11. Rae1 Qc7 12. Bg5 Rb8 1/2-1/2

[Event "SVK-chT1E 0809"]
[Site "Slovakia"]
[Date "2009.02.08"]
[Round "9.2"]
[White "Koval, Maros"]
[Black "Ondo, Radoslav"]
[Result "1-0"]
[WhiteElo "2067"]
[BlackElo "2080"]
[PlyCount "87"]
[EventDate "2008.10.18"]
[EventType "team-tourn"]
[EventRounds "11"]
[EventCountry "SVK"]
[SourceTitle "EXT 2010"]
[Source "ChessBase"]
[SourceDate "2010.11.25"]
[SourceVersion "1"]
[SourceVersionDate "2010.11.25"]
[SourceQuality "1"]
[WhiteTeam "Margecany OSK"]
[BlackTeam "Michalovce Zemplin"]
[WhiteTeamCountry "SVK"]
[BlackTeamCountry "SVK"]

1. d4 f5 2. e4 d5 3. exd5 Qxd5 4. Nc3 Qd8 5. Nf3 e6 6. Bc4 Nc6 7. 0-0 Na5 8. Bxe6 Bxe6 9. Re1 Qd7 10. Ng5 0-0-0 11. Nxe6 Re8 12. Nxf8 Rxf8 13. b3 Nf6 14. Bb2 Re8 15. Ne2 Rhg8 16. c4 b6 17. Qc2 Nb7 18. a4 Ne4 19. Nc3 Nxc3 20. Bxc3 g6 21. d5 Rxe1+ 22. Rxe1 Re8 23. Ra1 c6 24. Rd1 c5 25. Kf1 a5 26. Re1 Nd6 27. f3 Rxe1+ 28. Bxe1 f4 29. Qe2 Qf5 30. Qe7 Qd3+ 31. Qe2 Qf5 32. g4 fxg3 33. Bxg3 Kd7 34. Kg2 Nf7 35. Qe4 Qxe4 36. fxe4 Ng5 37. e5 Ne4 38. e6+ Ke7 39. Bc7 Nd2 40. Bxb6 Nxb3 41. Kg3 Nd2 42. Bxc5+ Kf6 43. Bd4+ Ke7 44. c5 1-0

[Event "SVK-chT2D 0708"]
[Site "Slovakia"]
[Date "2008.03.12"]
[Round "11.5"]
[White "Rogos, Jan Jr"]
[Black "Ondo, Radoslav"]
[Result "0-1"]
[WhiteElo "2103"]
[BlackElo "2092"]
[PlyCount "98"]
[EventDate "2007.10.06"]
[EventType "team-tourn"]
[EventRounds "11"]
[EventCountry "SVK"]
[SourceTitle "EXT 2010"]
[Source "ChessBase"]
[SourceDate "2010.11.25"]
[SourceVersion "1"]
[SourceVersionDate "2010.11.25"]
[SourceQuality "1"]
[WhiteTeam "Svit SO"]
[BlackTeam "Michalovce Zemplin II"]
[WhiteTeamCountry "SVK"]
[BlackTeamCountry "SVK"]

1. e4 e5 2. Nf3 Nc6 3. Bc4 Nf6 4. Ng5 d5 5. exd5 Na5 6. Bb5+ c6 7. dxc6 bxc6 8. Be2 h6 9. Nf3 e4 10. Ne5 Bd6 11. d4 Qc7 12. Bd2 0-0 13. 0-0 Be6 14. f4 exf3 15. Nxf3 Nc4 16. Bxc4 Bxc4 17. Re1 Rfe8 18. Nc3 Ng4 19. Ne5 Nxe5 20. dxe5 Bxe5 21. Kh1 Rad8 22. Re4 Be6 23. Qe2 f6 24. Bf4 Bxf4 25. Rxe6 Be5 26. Rxe8+ Rxe8 27. Rd1 Rb8 28. Qg4 Rd8 29. Rxd8+ Qxd8 30. Qc4+ Kf8 31. Qd3 Qb6 32. g3 Ke7 33. Ne4 Qxb2 34. c3 Qb5 35. c4 Qb4 36. c5 Qd4 37. Qf3 Qd5 38. Qf5 Bd4 39. Qg6 Qf7 40. Qf5 Qe6 41. Nd6 Be5 42. Qg6 Qd5+ 43. Ne4 Kf8 44. h4 Bxg3 45. Kg2 Bxh4 46. Kh3 Bg5 47. Nd6 Qf3+ 48. Kh2 Bf4+ 49. Kg1 Bxd6 0-1

[Event "SVK-chT2D 0607"]
[Site "Slovakia"]
[Date "2006.12.17"]
[Round "6.3"]
[White "Ondo, Radoslav"]
[Black "Pribula, Frantisek"]
[Result "1/2-1/2"]
[WhiteElo "2074"]
[BlackElo "2076"]
[PlyCount "79"]
[EventDate "2006.10.14"]
[EventType "team-tourn"]
[EventRounds "11"]
[EventCountry "SVK"]
[SourceTitle "EXT 2008"]
[Source "ChessBase"]
[SourceDate "2007.11.25"]
[SourceVersion "1"]
[SourceVersionDate "2007.11.25"]
[SourceQuality "1"]
[WhiteTeam "Michalovce Zemplin II"]
[BlackTeam "Humenne Reinter"]
[WhiteTeamCountry "SVK"]
[BlackTeamCountry "SVK"]

1. e4 c5 2. c4 Nc6 3. g3 g6 4. Bg2 Bg7 5. d3 d6 6. Nc3 e5 7. Nge2 Nge7 8. 0-0 0-0 9. Be3 h6 10. f4 f5 11. Nd5 Kh7 12. Qd2 Nd4 13. Bxd4 cxd4 14. b4 Nxd5 15. cxd5 fxe4 16. Bxe4 Bf5 17. Rac1 Qb6 18. Kg2 Rac8 19. Bxf5 gxf5 20. Rxc8 Rxc8 21. fxe5 dxe5 22. Rxf5 Qd6 23. g4 Qxd5+ 24. Kg1 Qb5 25. Ng3 Rc3 26. Rf3 Qxb4 27. Qg2 Qb1+ 28. Rf1 Qxd3 29. Qxb7 Qe3+ 30. Kh1 Rc1 31. Rxc1 Qxc1+ 32. Kg2 Qf4 33. h3 Kg6 34. Nh5 Qd2+ 35. Kf3 Qe3+ 36. Kg2 Bf6 37. Qc6 Qg5 38. Qe6 Qd2+ 39. Kg3 Qe3+ 40. Kg2 1/2-1/2

[Event "SVK-chT2D 0607"]
[Site "Slovakia"]
[Date "2006.10.15"]
[Round "2.2"]
[White "Ondo, Radoslav"]
[Black "Pacholsky, Martin"]
[Result "1/2-1/2"]
[WhiteElo "2074"]
[BlackElo "2057"]
[PlyCount "60"]
[EventDate "2006.10.14"]
[EventType "team-tourn"]
[EventRounds "11"]
[EventCountry "SVK"]
[SourceTitle "EXT 2008"]
[Source "ChessBase"]
[SourceDate "2007.11.25"]
[SourceVersion "1"]
[SourceVersionDate "2007.11.25"]
[SourceQuality "1"]
[WhiteTeam "Michalovce Zemplin II"]
[BlackTeam "Margecany OSK II"]
[WhiteTeamCountry "SVK"]
[BlackTeamCountry "SVK"]

1. e4 e5 2. c4 Nf6 3. Nc3 d6 4. g3 Be7 5. Bg2 Nbd7 6. Nge2 c6 7. d3 a6 8. a4 a5 9. 0-0 0-0 10. h3 Nc5 11. Kh2 Ne8 12. g4 g5 13. Ng3 Ng7 14. Nf5 Nxf5 15. gxf5 f6 16. b3 Kg7 17. Bf3 Bd7 18. Rg1 Rh8 19. Be3 Be8 20. d4 Na6 21. Bh5 Bxh5 22. Qxh5 Qe8 23. Qxe8 Raxe8 24. f4 exf4 25. Bxf4 Kf7 26. Bg3 h5 27. Kh1 Rd8 28. Rad1 Rhe8 29. d5 Nb4 30. Bf2 c5 1/2-1/2